Family Line - Conan Gray (All Lyrics) - Statistics

General Stats
  • This quiz has been taken 1,774 times
  • The average score is 302 of 351
Answer Stats
Family Line % Correct
a
99%
Verse 1 My
99%
my
99%
Pre-Chorus I
98%
to
98%
father
97%
but
96%
But
96%
family
96%
line
96%
mother
96%
And
95%
and
95%
So
95%
so
95%
the
95%
kid?
94%
kid
94%
That
94%
that
94%
cry
93%
did
93%
never
93%
who
93%
all
92%
All
92%
from
92%
From
92%
He
91%
I'm
91%
i'm
91%
of
91%
lot
89%
mother's
89%
sister's
89%
when
89%
you
89%
eyes
88%
father's
88%
fathers
88%
lies
88%
She
88%
she
88%
side
88%
took
88%
at
87%
good
87%
just
87%
me
87%
this
87%
came
86%
have
86%
it
86%
it?
86%
talked
86%
telling
86%
can
85%
can't
84%
'cross
84%
love
84%
around
83%
hide
83%
kids
83%
million
83%
survive
83%
Told
82%
walk
82%
was
82%
block
81%
cried
81%
run
81%
Chorus Scattered
81%
do
80%
said
80%
then
80%
try
80%
hit
79%
take
79%
child
78%
leaving
77%
punches
77%
would
77%
am
76%
clueless
76%
little
76%
pain
76%
undo
76%
wasn't
76%
fought
75%
God
75%
now
75%
Someone
75%
excuses
74%
he'd
74%
How
74%
hurt
74%
I'll
74%
parents'
74%
anger
73%
could
73%
life
73%
loves
73%
'Til
73%
your
73%
what
72%
wouldn't
72%
gave
71%
his
71%
say
71%
ones
70%
deserve
69%
hold
69%
truly
69%
him
68%
will
68%
leave
67%
Bridge Oh
67%
oh
67%
their
67%
with
67%
erase
66%
they're
66%
forgive
65%
We
65%
forget
64%
wonder
64%
girls
63%
scared
63%
tried
63%
everyone
62%
always
61%
not
61%
past
61%
are
59%
even
59%
see
59%
'Cause
58%
change
58%
same
58%
watch
58%
holidays
57%
last
57%
name
57%
share
57%
Verse 2 It's
53%
face
52%
Might
52%
hard
49%
put
47%
into
46%
words
46%
No matching quizzes found
Score Distribution
Percent of People with Each Score
Percentile by Number Answered
Your Score History
You have not taken this quiz